Culture Générale - Série 499 - Statistiques

Statistiques générales
  • Ce quiz a été pris 323 fois
  • Le résultat moyen est 4 sur 10
Statistiques - réponses
Question Réponse % Correct
Combien de "nuits par semaine" le groupe Indochine chante-t-il en 1985 ? 3
94%
De quel roman de Dan Brown la cryptographe Sophie Neveu est-elle l'héroïne ? Da Vinci Code
61%
Quel était le titre de noblesse de Madame de Sévigné ? Marquise
59%
En 1988, quelle actrice est "La Petite Voleuse" dans le film de Claude Miller ? Charlotte Gainsbourg
41%
De quel célèbre groupe, portant le nom d'un ballon, créé en 1968, Robert Plant est-il le chanteur ? Led Zeppelin
40%
Qui chante la chanson intitulée "Désormais" en 1969 ? Charles Aznavour
37%
Quel est le seul volcan actif de la Martinique ? La montagne Pelée
22%
En 1981, dans quel jeu Jacques Antoine envoie-t-il des hélicoptères à travers le monde ? La Chasse aux trésors
12%
Quel commissaire Raymond Souplex a-t-il incarné à la télévision ? Bourrel
11%
Qu'est-ce qui est "frais" selon le titre de la chanson de Jacques Dutronc en 1971 ? Le fond de l'air
7%
Aucun quiz correspondant
Distribution des résultats
% des personnes avec chaque résultat
Percentile par nombre de réponses
Votre historique - résultats
Vous n’avez pas pris ce quiz